National Car Parks Ltd v Baird (VO) and another (Record no. 117915)
[ view plain ]
| 000 -LEADER | |
|---|---|
| fixed length control field | 02340cam a2200313 4500 |
| 001 - CONTROL NUMBER | |
| control field | ABS68164 |
| 008 - FIXED-LENGTH DATA ELEMENTS--GENERAL INFORMATION | |
| fixed length control field | 040827n2004 000 0 eng u |
| 035 ## - SYSTEM CONTROL NUMBER | |
| System control number | (Sirsi) u127199 |
| 245 ## - TITLE STATEMENT | |
| Title | National Car Parks Ltd v Baird (VO) and another |
| 260 ## - PUBLICATION, DISTRIBUTION, ETC. | |
| Date of publication, distribution, etc. | 2004 |
| 520 ## - SUMMARY, ETC. | |
| Summary, etc. | [2004] EWCA Civ 967, 22 July 2004. Appeal against LT decision (RA/232/1996, Abs67378) which upheld the Valuation Tribunal decisions that in accordance with the Non-Domestic Rating (Alteration of Lists and Appeals) (Amendment) Regulations 1994 which came into force on 9 July 1994, the effective date of alterations to the 1990 rating list with respect to car parks owned by N in Manchester and London was 1 April 1990. N appealed on the grounds that the effective date should be 1 April 1992. N argued that the valuation officers were bound by the Local Government Finance Act 1988 s41(1) to alter the lists in accordance with the agreements as to the value reached in January and February 1994 prior to the amended regulations coming into force and that it could reasonably be expected the valuation offices to do so. The statutory framework is considered in paras 4 to 22. CA held that that the valuation officers were under a statutory duty to maintain accurate rating lists under s41(1) and the Regulations made under it which prescribe the date from which an alternation takes place. There was no unfairness on the part of the valuation officers leading to an abuse of power. Appeal dismissed. View judgment at www.bailii.org. |
| 590 ## - LOCAL NOTE (RLIN) | |
| Local note | ABS |
| 590 ## - LOCAL NOTE (RLIN) | |
| Local note | ABS |
| 590 ## - LOCAL NOTE (RLIN) | |
| Local note | ABS |
| 650 ## - SUBJECT ADDED ENTRY--TOPICAL TERM | |
| Topical term or geographic name entry element | NATIONAL CAR PARKS LTD V BAIRD (VO) AND ANOTHER |
| 650 ## - SUBJECT ADDED ENTRY--TOPICAL TERM | |
| Topical term or geographic name entry element | NATIONAL CAR PARKS LTD V WOOLWAY (VO) |
| 650 ## - SUBJECT ADDED ENTRY--TOPICAL TERM | |
| Topical term or geographic name entry element | CAR PARKS |
| 650 ## - SUBJECT ADDED ENTRY--TOPICAL TERM | |
| Topical term or geographic name entry element | RATEABLE VALUE |
| 650 ## - SUBJECT ADDED ENTRY--TOPICAL TERM | |
| Topical term or geographic name entry element | RATING APPEALS |
| 650 ## - SUBJECT ADDED ENTRY--TOPICAL TERM | |
| Topical term or geographic name entry element | EFFECTIVE DATE |
| 650 ## - SUBJECT ADDED ENTRY--TOPICAL TERM | |
| Topical term or geographic name entry element | NON-DOMESTIC RATING (ALTERATIONS OF LISTS AND APPEALS) REGULATIONS 1994 |
| 650 ## - SUBJECT ADDED ENTRY--TOPICAL TERM | |
| Topical term or geographic name entry element | RATING LIST |
| 650 ## - SUBJECT ADDED ENTRY--TOPICAL TERM | |
| Topical term or geographic name entry element | ALTERATIONS |
| 690 ## - LOCAL SUBJECT ADDED ENTRY--TOPICAL TERM (OCLC, RLIN) | |
| Topical term or geographic name as entry element | RATING AND LOCAL TAXATION-CASE LAW |
| 856 ## - ELECTRONIC LOCATION AND ACCESS | |
| Uniform Resource Identifier | <a href="https://www.bailii.org/ew/cases/EWCA/Civ/2004/967.html">https://www.bailii.org/ew/cases/EWCA/Civ/2004/967.html</a> |
| Public note | View judgment on the BAILII website... |
| 856 ## - ELECTRONIC LOCATION AND ACCESS | |
| Uniform Resource Identifier | <a href="https://www.bailii.org/ew/cases/EWCA/Civ/2004/967.html">https://www.bailii.org/ew/cases/EWCA/Civ/2004/967.html</a> |
| Public note | View judgment on the BAILII website... |
| 856 ## - ELECTRONIC LOCATION AND ACCESS | |
| Uniform Resource Identifier | <a href="https://www.bailii.org/ew/cases/EWCA/Civ/2004/967.html">https://www.bailii.org/ew/cases/EWCA/Civ/2004/967.html</a> |
| Public note | View judgment on the BAILII website... |
| 942 ## - ADDED ENTRY ELEMENTS (KOHA) | |
| Suppress in OPAC | 0 |
| Withdrawn status | Lost status | Source of classification or shelving scheme | Damaged status | Not for loan | Home library | Current library | Shelving location | Date acquired | Total Checkouts | Full call number | Barcode | Date last seen | Copy number | Price effective from | Koha item type |
|---|---|---|---|---|---|---|---|---|---|---|---|---|---|---|---|
| Dewey Decimal Classification | London | London | Journal article | 27/08/2004 | ABS68164 | 127199-1001 | 06/08/2019 | 1 | 06/08/2019 | Law report | |||||
| Dewey Decimal Classification | Virtual | Virtual | Online | 27/08/2004 | ONLINE | 127199-2001 | 06/08/2019 | 1 | 06/08/2019 | Law report |